000 00292nam a22001337a 4500
008 170505b xxu||||| |||| 00| 0 eng d
020 _a9760316507327
041 _aeng
080 _24 ED
_a34
100 _a14
101 _aSHJ
245 _aLEGAL RESEARSH
_cKUNZ.CH.L
942 _2udc
_cBK
999 _c12766
_d12766